Leyendas medievales de Cataluña / José Mª Vilardaga Pujol
Descripción Física:
135 p. : il. ; 24 cm
MARC
| LEADER | 00000nam a2200000Ia 4500 | ||
|---|---|---|---|
| 001 | 887 | ||
| 008 | 160829s9999 xx 000 0 cat d | ||
| 080 | |a M-3-58 | ||
| 100 | 1 | |a Vilardaga Pujol, José Ma. |q (José Maria), |d 1886-1967 |9 29685 | |
| 245 | |a Leyendas medievales de Cataluña / José Mª Vilardaga Pujol | ||
| 260 | |a Barcelona : |b Sección de Prensa de la Diputación Provincial de Barcelona, [195 - ?] | ||
| 300 | |a 135 p. : |b il. ; |c 24 cm | ||
| 650 | 0 | |a Llegendes |z Catalunya |9 34016 | |
| 650 | |a Edat mitjana |9 32483 | ||
| 901 | |a Arxiu | ||
| 942 | |n 1 | ||
| 952 | |0 0 |1 0 |4 0 |6 M358 |7 1 |9 46345 |a Arxiu |b Arxiu |d 2016-12-01 |l 0 |o M-3-58 |p 887 |r 2016-12-01 00:00:00 |w 2016-12-01 |y ARXIU | ||
| 999 | |c 50130 |d 50130 | ||